Monde de Narnia - Carte quiz - Statistiques

Statistiques générales
  • Ce quiz a été pris 579 fois
  • Le résultat moyen est 4 sur 20
Réponses sur la Carte
Les réponses sont colorées sur une échelle allant du rouge au vert en fonction du pourcentage des utilisateurs qui les ont devinées à leur premier essai. Vous pouvez retrouver ces pourcentages ci-dessous.
 
Statistiques - réponses
Réponse % Correct
Iles Solitaires
44%
Pays d'Aslan
41%
Sept-Iles
40%
Cair Paravel
38%
Terres Sauvages du Nord
30%
Lac Gelé
29%
Ouest Sauvage
23%
Barrage des Castors
20%
Désert
18%
Lande du Réverbère
14%
Archenland
13%
Telmar
13%
Calormen
12%
Harfang
12%
Anvard
10%
Ettinsmoor
10%
Pelouse de la Farandole
10%
Tashbaan
10%
Galma
7%
Térébinthe
6%
Aucun quiz correspondant
Distribution des résultats
% des personnes avec chaque résultat
Percentile par nombre de réponses
Votre historique - résultats
Vous n’avez pas pris ce quiz